000
00288nam a22001337a 4500
008
181107b xxu||||| |||| 00| 0 eng d
020
_a
0671499262
041
_a
eng
080
_a
531
100
_a
43
101
_a
FIZ
245
_a
The World of Physics
_c
Weaver, J,H
942
_2
udc
_c
BK
999
_c
52222
_d
52222